La historia considerada como ciencia / (Record no. 87883)
[ view plain ]
| 000 -LEADER | |
|---|---|
| campo de control de longitud fija | 00581nam a2200181 i 4500 |
| 001 - NÚMERO DE CONTROL | |
| campo de control | 87883 |
| 003 - IDENTIFICADOR DE NÚMERO DE CONTROL | |
| campo de control | ES-MaACL |
| 005 - FECHA Y HORA DE LA ÚLTIMA TRANSACCIÓN | |
| campo de control | 20230906175746.0 |
| 007 - CAMPO FIJO DE DESCRIPCIÓN FÍSICA--INFORMACIÓN GENERAL | |
| campo de control de longitud fija | t| |
| 008 - DATOS DE LONGITUD FIJA--INFORMACIÓN GENERAL | |
| campo de control de longitud fija | 041227s1948 sp ||||1| spa d |
| 100 1# - ENTRADA PRINCIPAL--NOMBRE DE PERSONA | |
| Nombre de persona | Lacombe, Pierre. |
| 9 (RLIN) | 69385 |
| 245 13 - MENCIÓN DEL TÍTULO | |
| Título | La historia considerada como ciencia / |
| Mención de responsabilidad, etc. | Pierre Lacombe ; traducido del francés por Juan Luis de Angelis. |
| 260 ## - PUBLICACIÓN, DISTRIBUCIÓN, ETC. | |
| Lugar de publicación, distribución, etc. | Madrid : |
| Nombre del editor, distribuidor, etc. | Espasa-Calpe, |
| Fecha de publicación, distribución, etc. | [1948] ( |
| Fabricante | Balmes) |
| 300 ## - DESCRIPCIÓN FÍSICA | |
| Extensión | 345 p. ; |
| Dimensiones | 22 cm. |
| 700 1# - ENTRADA AGREGADA--NOMBRE PERSONAL | |
| Nombre de persona | Angelis, Juan Luis de. |
| 9 (RLIN) | 21718 |
| 700 1# - ENTRADA AGREGADA--NOMBRE PERSONAL | |
| Nombre de persona | Matas Ros, Claudio. |
| 9 (RLIN) | 78927 |
| 852 ## - LOCALIZACIÓN | |
| Ubicación | ES-MaACL |
| Número de control de estantería | D-7406 |
| Sublocalización o colección | R.30124 |
| Estatus retirado | Estado de pérdida | Estado de daño | No para préstamo | Biblioteca de origen | Biblioteca actual | Ubicación en estantería | Fecha de adquisición | Fuente de adquisición | Total de préstamos | Signatura topográfica completa | Código de barras | Visto por última vez | Precio de reemplazo | Tipo de ítem Koha |
|---|---|---|---|---|---|---|---|---|---|---|---|---|---|---|
| Biblioteca del Ateneo de Madrid | Biblioteca del Ateneo de Madrid | Sala Valle Inclán | 17/01/2008 | D-7406 | 901091807 | 23/02/2023 | 23/02/2023 | Libro impreso |
